| 000 | 00583nam a22001937a 4500 | ||
|---|---|---|---|
| 005 | 20260310095329.0 | ||
| 008 | 260310b |||||||| |||| 00| 0 eng d | ||
| 020 | _a978-1-98465-979-8 | ||
| 082 | _a515.35 T531 2023 | ||
| 110 |
_a3G E-Learning _9387 |
||
| 245 |
_aOrdinary differential equation / _c3G E-Learning, |
||
| 250 | _a2nd ed. | ||
| 260 |
_aNew York: _b3G E-Learning, _cc2023 |
||
| 300 |
_axiii, 441p.: _bill. (some col.) |
||
| 504 | _aIncludes bibliographical references and index | ||
| 541 | _e7966 c.1 | ||
| 650 |
_aDifferential equations _9371 |
||
| 650 |
_aCalculus _9372 |
||
| 999 |
_c2560 _d2560 |
||